L'innovation a l'ecole : forces et illusions

Αποθηκεύτηκε σε:
Λεπτομέρειες βιβλιογραφικής εγγραφής
Κύριος συγγραφέας: Cros, Francoise
Μορφή: Βιβλίο
Γλώσσα:French
Δημοσίευση: Paris : Presses universitaires de France, c1993
Έκδοση:1re ed
Σειρά:Educateur
Θέματα:
Ετικέτες: Προσθήκη ετικέτας
Δεν υπάρχουν, Καταχωρήστε ετικέτα πρώτοι!

MARC

LEADER 00000nam a2200000 i 4500
001 1/77282
008 980819s1993 fre d
020 |a 2-13-045235-3 
035 |l 10032621 
035 |a 1994  |b 3  |c Καϊλα 
040 |a GR-MY-UA  |b gre  |e aacr 
041 0 |a fre 
082 0 |a 370.944  |2 (20) 
100 1 |a Cros, Francoise. 
245 1 0 |a L'innovation a l'ecole :  |b forces et illusions /  |c Franπcoise Cros 
250 |a 1re ed 
260 |a Paris :   |b Presses universitaires de France,   |c c1993 
300 |a 233 p.;  |b ill.;  |c 21 cm 
490 1 |a Educateur 
504 |a Περιέχει βιβλιογραφικές παραπομπές και ευρετήριο 
650 0 0 |a Educational change  |z France. 
650 0 0 |a Educational innovations  |z France. 
650 0 0 |a Education  |x Social aspects  |z France. 
830 0 |a Educateur 
852 |a INST  |b RHODES  |e 19980819  |h 370.944 CRO  |p 005400007607  |q 005400007607  |t BK  |y 0 
909 |a Ρ  |b 037184  |c 1994